Statistics for Cities With The Highest Elevation

Click here to take the quiz!

General Stats

  • This quiz has been taken 31 times
  • The average score is 8 of 20

Answer Stats

ElevationCountryAnswer% Correct
3,625 mBoliviaLa Paz
100%
2,240 mMexicoMexico City
96%
2,620 mColombiaBogotá
88%
2,850 mEcuadorQuito
88%
2,500 mEthiopiaAddis Ababa
80%
2,350 mYemenSana'a
76%
2,325 mEritreaAsmara
64%
2,147 mMexicoPuebla
48%
2,270 mSaudi ArabiaAbha
40%
2,570 mBoliviaCochabamba
40%
2,335 mPeruArequipa
36%
4,150 mBoliviaEl Alto
24%
2,663 mMexicoToluca
24%
2,250 mMexicoEcatepec de Morelos
16%
2,329 mGuatemalaQuetzaltenango
4%
2,275 mChinaXining
4%
2,400 mMexicoAtizapán de Zaragoza
0%
2,400 mMexicoChimalhuacán
0%
2,220 mMexicoNezahualcóyotl
0%
2,238 mMexicoTlalnepantla de Baz
0%

Score Distribution

Percentile by Number Answered

Percent of People with Each Score

Your Score History

You have not taken this quiz